Jeux de la ZLAN (2019-2025) - Statistiques

Statistiques générales
  • Ce quiz a été pris 50 fois
  • Le résultat moyen est 33 sur 76
Statistiques - réponses
Année Jeu % Correct
2021 TrackMania
85%
2023 TrackMania
85%
2019 Minecraft
80%
2020 Minecraft
80%
2023 Minecraft
80%
2020 PUBG
78%
2024 PUBG
78%
2019 Worms WMD
75%
2020 Worms WMD
75%
2021 Worms WMD
75%
2022 Worms WMD
75%
2024 Celeste
68%
2024 League of Legends
63%
2019 Dictée
60%
2023 Puzzle
60%
2019 World of Warcraft
60%
2025 Mini Royale
58%
2025 BOAT
55%
2025 Chained Together
55%
2022 Fall Guys
55%
2025 V Rising
55%
2025 Party Animals
50%
2020 ShootMania Storm
50%
2023 ShootMania Storm
50%
2021 Warcraft III: Reforged
50%
2025 Warcraft III: Reforged
50%
2022 Zutom
50%
2020 Calcul mental
48%
2023 Valorant
48%
2022 Apex Legends
45%
2019 H1Z1
45%
2022 Rocket League
45%
2019 StarCraft 2
45%
2025 Ultimate Godspeed
45%
2025 UpGun
45%
2025 SpeedRunners
43%
2019 Super Smash Bros. Ultimate
43%
2021 GeoGuessr
40%
2025 Lancer de hache
40%
2021 Trials Rising
40%
2024 Trials Rising
40%
2024 Wreckfest
40%
2024 Zuste Priz
40%
2022 Elden Ring
38%
2023 Garry's Mod
38%
2024 MicroWorks
38%
2022 Age of Empires IV
35%
2024 Kallax
35%
2020 Civilization VI
33%
2023 Golf Gang
33%
2020 Golf It!
33%
2023 PowerWash Simulator
33%
2024 Slopecrashers
33%
2021 Valheim
33%
2023 You Suck at Parking
33%
2020 Age of Empires II
30%
2022 Riders Republic
28%
2021 Battlerite
25%
2021 Pétanque
25%
2019 Portal 2
25%
2022 Chamboule-tout
23%
2019 Disc Jam
23%
2024 Épreuves du conseil de Fort Boyard
23%
2022 Hot Wheels Unleashed
23%
2023 Northgard
23%
2022 Pro Soccer Online
23%
2019 Super Bomberman R
20%
2020 Heave Ho
18%
2020 Overcooked 2
15%
2020 Tiercé de fête foraine
15%
2019 TrackMania 2: Stadium
15%
2023 Jeux d'arcade
13%
2024 StarCraft: Brood War
13%
2021 Battlerite Royale
8%
2021 Farming Simulator 19
8%
2021 Quake Live
8%
Aucun quiz correspondant
Distribution des résultats
% des personnes avec chaque résultat
Percentile par nombre de réponses
Votre historique - résultats
Vous n’avez pas pris ce quiz